| 000 | 00367 a2200145 4500 | ||
|---|---|---|---|
| 001 | 153441 | ||
| 040 | _cEscola São Tomás de Aquino | ||
| 100 | _aCOSTA, Wagner | ||
| 240 | 1 | 0 |
_aA guerra do tênis nas ondas do rádio _lpor |
| 245 | 1 | 0 | _aA guerra do tênis nas ondas do rádio |
| 362 | 0 | _a2004 | |
| 440 | 1 | _aModerna | |
| 697 | _a*LITERATURA JUVENIL | ||
| 942 | _cBK | ||
| 999 |
_c153441 _d153441 |
||